<?xml version="1.0" encoding="UTF-8"?>
<record
    xmlns:xsi="http://www.w3.org/2001/XMLSchema-instance"
    xsi:schemaLocation="http://www.loc.gov/MARC21/slim http://www.loc.gov/standards/marcxml/schema/MARC21slim.xsd"
    xmlns="http://www.loc.gov/MARC21/slim">

  <leader>01273nam a2200265Ia 4500</leader>
  <datafield tag="952" ind1=" " ind2=" ">
    <subfield code="0">0</subfield>
    <subfield code="1">0</subfield>
    <subfield code="4">0</subfield>
    <subfield code="7">0</subfield>
    <subfield code="a">01</subfield>
    <subfield code="b">01</subfield>
    <subfield code="d">2007-01-25</subfield>
    <subfield code="l">1</subfield>
    <subfield code="o">650 H557in</subfield>
    <subfield code="p">01 003198</subfield>
    <subfield code="r">2018-11-23</subfield>
    <subfield code="s">2018-11-23</subfield>
    <subfield code="t">1</subfield>
    <subfield code="w">2012-06-24</subfield>
    <subfield code="y">LB</subfield>
  </datafield>
  <datafield tag="952" ind1=" " ind2=" ">
    <subfield code="0">0</subfield>
    <subfield code="1">0</subfield>
    <subfield code="4">0</subfield>
    <subfield code="7">0</subfield>
    <subfield code="a">04</subfield>
    <subfield code="b">04</subfield>
    <subfield code="d">2007-07-16</subfield>
    <subfield code="l">14</subfield>
    <subfield code="m">2</subfield>
    <subfield code="o">HD31 H47</subfield>
    <subfield code="p">04 001068</subfield>
    <subfield code="r">2020-03-04</subfield>
    <subfield code="s">2020-03-03</subfield>
    <subfield code="t">1</subfield>
    <subfield code="w">2012-06-24</subfield>
    <subfield code="y">LB</subfield>
  </datafield>
  <datafield tag="952" ind1=" " ind2=" ">
    <subfield code="0">0</subfield>
    <subfield code="1">0</subfield>
    <subfield code="4">0</subfield>
    <subfield code="7">0</subfield>
    <subfield code="a">04</subfield>
    <subfield code="b">04</subfield>
    <subfield code="d">2008-06-12</subfield>
    <subfield code="l">26</subfield>
    <subfield code="m">2</subfield>
    <subfield code="o">HD31 H47</subfield>
    <subfield code="p">04 001075</subfield>
    <subfield code="r">2020-03-05</subfield>
    <subfield code="s">2020-03-05</subfield>
    <subfield code="t">2</subfield>
    <subfield code="w">2012-06-24</subfield>
    <subfield code="y">LB</subfield>
  </datafield>
  <datafield tag="952" ind1=" " ind2=" ">
    <subfield code="0">0</subfield>
    <subfield code="1">0</subfield>
    <subfield code="4">0</subfield>
    <subfield code="7">0</subfield>
    <subfield code="a">22</subfield>
    <subfield code="b">22</subfield>
    <subfield code="d">2009-10-01</subfield>
    <subfield code="l">14</subfield>
    <subfield code="o">HD37 S6H47 1994</subfield>
    <subfield code="p">06 000720</subfield>
    <subfield code="r">2019-02-09</subfield>
    <subfield code="s">2019-02-09</subfield>
    <subfield code="t">1</subfield>
    <subfield code="w">2012-06-26</subfield>
    <subfield code="y">LB</subfield>
  </datafield>
  <datafield tag="952" ind1=" " ind2=" ">
    <subfield code="0">0</subfield>
    <subfield code="1">0</subfield>
    <subfield code="4">0</subfield>
    <subfield code="7">0</subfield>
    <subfield code="a">15</subfield>
    <subfield code="b">15</subfield>
    <subfield code="d">2006-08-18</subfield>
    <subfield code="l">0</subfield>
    <subfield code="o">658 H557I</subfield>
    <subfield code="p">15 000206</subfield>
    <subfield code="r">2017-12-07</subfield>
    <subfield code="t">1</subfield>
    <subfield code="w">2012-06-28</subfield>
    <subfield code="y">LB</subfield>
  </datafield>
  <datafield tag="952" ind1=" " ind2=" ">
    <subfield code="0">0</subfield>
    <subfield code="1">0</subfield>
    <subfield code="4">0</subfield>
    <subfield code="7">0</subfield>
    <subfield code="a">15</subfield>
    <subfield code="b">15</subfield>
    <subfield code="d">2006-08-18</subfield>
    <subfield code="l">0</subfield>
    <subfield code="o">658 H557I</subfield>
    <subfield code="p">15 000207</subfield>
    <subfield code="r">2017-12-07</subfield>
    <subfield code="t">2</subfield>
    <subfield code="w">2012-06-28</subfield>
    <subfield code="y">LB</subfield>
  </datafield>
  <datafield tag="952" ind1=" " ind2=" ">
    <subfield code="0">0</subfield>
    <subfield code="1">0</subfield>
    <subfield code="4">0</subfield>
    <subfield code="7">0</subfield>
    <subfield code="a">15</subfield>
    <subfield code="b">15</subfield>
    <subfield code="d">2006-08-18</subfield>
    <subfield code="l">1</subfield>
    <subfield code="o">658 H557I</subfield>
    <subfield code="p">15 000208</subfield>
    <subfield code="r">2017-12-07</subfield>
    <subfield code="s">2017-06-12</subfield>
    <subfield code="t">3</subfield>
    <subfield code="w">2012-06-28</subfield>
    <subfield code="y">LB</subfield>
  </datafield>
  <datafield tag="952" ind1=" " ind2=" ">
    <subfield code="0">0</subfield>
    <subfield code="1">0</subfield>
    <subfield code="4">0</subfield>
    <subfield code="7">0</subfield>
    <subfield code="a">08</subfield>
    <subfield code="b">08</subfield>
    <subfield code="d">2008-12-17</subfield>
    <subfield code="l">1</subfield>
    <subfield code="o">HD31 H47 1994</subfield>
    <subfield code="p">08 000744</subfield>
    <subfield code="r">2013-08-01</subfield>
    <subfield code="s">2013-08-01</subfield>
    <subfield code="t">1</subfield>
    <subfield code="w">2012-07-20</subfield>
    <subfield code="y">LB</subfield>
  </datafield>
  <datafield tag="952" ind1=" " ind2=" ">
    <subfield code="0">0</subfield>
    <subfield code="1">0</subfield>
    <subfield code="2">lcc</subfield>
    <subfield code="4">0</subfield>
    <subfield code="7">0</subfield>
    <subfield code="a">20</subfield>
    <subfield code="b">20</subfield>
    <subfield code="d">2012-04-26</subfield>
    <subfield code="l">4</subfield>
    <subfield code="o">HD31 H47</subfield>
    <subfield code="p">20 000327</subfield>
    <subfield code="r">2014-09-18</subfield>
    <subfield code="s">2014-09-17</subfield>
    <subfield code="t">1</subfield>
    <subfield code="w">2012-10-27</subfield>
    <subfield code="y">LB</subfield>
  </datafield>
  <datafield tag="952" ind1=" " ind2=" ">
    <subfield code="0">0</subfield>
    <subfield code="1">0</subfield>
    <subfield code="4">0</subfield>
    <subfield code="7">0</subfield>
    <subfield code="a">19</subfield>
    <subfield code="b">19</subfield>
    <subfield code="d">2015-09-24</subfield>
    <subfield code="l">0</subfield>
    <subfield code="o">HD37.S6 H47 2006</subfield>
    <subfield code="p">19 001201</subfield>
    <subfield code="r">2015-09-24</subfield>
    <subfield code="t">1</subfield>
    <subfield code="w">2015-09-24</subfield>
    <subfield code="y">LB</subfield>
  </datafield>
  <datafield tag="952" ind1=" " ind2=" ">
    <subfield code="0">0</subfield>
    <subfield code="1">0</subfield>
    <subfield code="2">lcc</subfield>
    <subfield code="4">0</subfield>
    <subfield code="7">0</subfield>
    <subfield code="a">12</subfield>
    <subfield code="b">12</subfield>
    <subfield code="d">2017-06-22</subfield>
    <subfield code="l">1</subfield>
    <subfield code="o">HD31 H47 1994</subfield>
    <subfield code="p">12 003492</subfield>
    <subfield code="r">2017-11-30</subfield>
    <subfield code="s">2017-11-30</subfield>
    <subfield code="t">1</subfield>
    <subfield code="w">2017-06-22</subfield>
    <subfield code="y">LB</subfield>
  </datafield>
  <datafield tag="952" ind1=" " ind2=" ">
    <subfield code="0">0</subfield>
    <subfield code="1">0</subfield>
    <subfield code="2">lcc</subfield>
    <subfield code="4">0</subfield>
    <subfield code="7">0</subfield>
    <subfield code="a">12</subfield>
    <subfield code="b">12</subfield>
    <subfield code="d">2017-06-22</subfield>
    <subfield code="l">1</subfield>
    <subfield code="o">HD31 H47 1994</subfield>
    <subfield code="p">12 000691</subfield>
    <subfield code="r">2017-11-30</subfield>
    <subfield code="s">2017-11-30</subfield>
    <subfield code="t">2</subfield>
    <subfield code="w">2017-06-22</subfield>
    <subfield code="y">LB</subfield>
  </datafield>
  <datafield tag="952" ind1=" " ind2=" ">
    <subfield code="0">0</subfield>
    <subfield code="1">0</subfield>
    <subfield code="4">0</subfield>
    <subfield code="7">0</subfield>
    <subfield code="a">04</subfield>
    <subfield code="b">04</subfield>
    <subfield code="d">2019-11-13</subfield>
    <subfield code="l">1</subfield>
    <subfield code="o">HD31 H47</subfield>
    <subfield code="p">04 000131</subfield>
    <subfield code="r">2020-03-04</subfield>
    <subfield code="s">2020-03-02</subfield>
    <subfield code="t">3</subfield>
    <subfield code="w">2019-11-13</subfield>
    <subfield code="y">LB</subfield>
  </datafield>
  <datafield tag="999" ind1=" " ind2=" ">
    <subfield code="c">57758</subfield>
    <subfield code="d">57758</subfield>
  </datafield>
  <controlfield tag="005">20231102150618.0</controlfield>
  <controlfield tag="008">120622s1994    mx            000 0 spa d</controlfield>
  <datafield tag="020" ind1=" " ind2=" ">
    <subfield code="a">9701004361</subfield>
  </datafield>
  <datafield tag="050" ind1="1" ind2="4">
    <subfield code="a">HD31</subfield>
    <subfield code="b">H47</subfield>
  </datafield>
  <datafield tag="082" ind1=" " ind2="4">
    <subfield code="a">650</subfield>
    <subfield code="b">H557in</subfield>
  </datafield>
  <datafield tag="100" ind1="1" ind2=" ">
    <subfield code="a">Hern&#xE1;ndez y Rodr&#xED;guez, Sergio</subfield>
    <subfield code="e">autor</subfield>
  </datafield>
  <datafield tag="245" ind1="1" ind2="0">
    <subfield code="a">Introducci&#xF3;n a la administraci&#xF3;n</subfield>
    <subfield code="b">: un enfoque te&#xF3;rico - pr&#xE1;ctico</subfield>
    <subfield code="c">/ Sergio Hern&#xE1;ndez y Rodr&#xED;guez</subfield>
  </datafield>
  <datafield tag="260" ind1="3" ind2=" ">
    <subfield code="a">M&#xE9;xico</subfield>
    <subfield code="b">: McGraw-Hill</subfield>
    <subfield code="c">, 1994</subfield>
  </datafield>
  <datafield tag="300" ind1=" " ind2=" ">
    <subfield code="a">418 p&#xE1;ginas</subfield>
    <subfield code="b">: Ilustraciones, tablas, gr&#xE1;ficas</subfield>
  </datafield>
  <datafield tag="500" ind1=" " ind2=" ">
    <subfield code="a">Incluye:
Glosario (pp. 356-369)</subfield>
  </datafield>
  <datafield tag="505" ind1="1" ind2=" ">
    <subfield code="a">La administraci&#xF3;n como &#xE1;rea de estudio
Or&#xED;genes de la administraci&#xF3;n
Principales escuelas del pensamiento administrativo
Otros enfoques de la pr&#xE1;ctica administrativa
La administraci&#xF3;n en el contexto latinoamericano</subfield>
  </datafield>
  <datafield tag="519" ind1=" " ind2=" ">
    <subfield code="a">Material Complementario / </subfield>
    <subfield code="d">(01 003198)</subfield>
  </datafield>
  <datafield tag="519" ind1=" " ind2=" ">
    <subfield code="a">Material Complementario /</subfield>
    <subfield code="d">(04 001075) (04 000131) (04 001068)</subfield>
  </datafield>
  <datafield tag="519" ind1=" " ind2=" ">
    <subfield code="a">Material Complementario /</subfield>
    <subfield code="b">Administraci&#xF3;n /</subfield>
    <subfield code="d">(06 000720)</subfield>
  </datafield>
  <datafield tag="519" ind1=" " ind2=" ">
    <subfield code="a">Material Complementario / </subfield>
    <subfield code="d">(20 000327)</subfield>
  </datafield>
  <datafield tag="519" ind1=" " ind2=" ">
    <subfield code="a">Plan Flexible /</subfield>
    <subfield code="b">Administraci&#xF3;n / </subfield>
    <subfield code="c">Fundamentos de administraci&#xF3;n (B01) / </subfield>
    <subfield code="d">(19 0001201)</subfield>
  </datafield>
  <datafield tag="519" ind1=" " ind2=" ">
    <subfield code="a">Material Complementario /</subfield>
    <subfield code="d">(01 003198)</subfield>
  </datafield>
  <datafield tag="650" ind1="1" ind2="4">
    <subfield code="a">ADMINISTRACI&#xD3;N</subfield>
  </datafield>
  <datafield tag="942" ind1=" " ind2=" ">
    <subfield code="c">LB</subfield>
    <subfield code="2">lcc</subfield>
  </datafield>
</record>
